| 000 | 01541cam a22003737a 4500 | ||
|---|---|---|---|
| 003 | CHAP | ||
| 005 | 20250613131303.0 | ||
| 008 | 971013s1960 r 00010 d | ||
| 010 | _a22356 | ||
| 011 | _a23328 | ||
| 035 | _a27424 | ||
| 040 | _cCHAP | ||
| 082 |
_a634.774 _bC65 |
||
| 100 | 0 | 0 |
_aCollins, Julius Lloyd. _925286 |
| 245 | 1 | 4 |
_aThe pineapple _b: botany, cultivation, and utilization |
| 260 |
_aLondon : _bLeonard Hill, _c1960 |
||
| 300 |
_a294 p. _b: ilus. |
||
| 590 |
_aBATCH-UPD _b10 _c20130110 _lUCH01 _h0005 |
||
| 590 |
_aBATCH-UPD _b10 _c20130110 _lUCH01 _h1112 |
||
| 590 |
_aBATCH-UPD _b10 _c20130410 _lUCH01 _h0703 |
||
| 590 |
_aBATCH-UPD _b10 _c20130914 _lUCH01 _h1010 |
||
| 590 |
_aCONVERSION _b10 _c20130109 _lUCH01 _h1313 |
||
| 650 | 1 | 7 |
_aPiƱa (Ananas comosus) _2 _988387 |
| 901 | _aBK | ||
| 942 | _cLIBRO | ||
| 949 |
_a634.774 C65 _bBC _cLIBRO _d-63625 _eLIBRO _fc.7 _i27424 _si _t135.00 |
||
| 949 |
_a634.774 C65 _bBC _cLIBRO _d33724000210613 _eLIBRO _fc.2 _h23349 _i27424 _si _t135.00 |
||
| 949 |
_a634.774 C65 _bBC _cLIBRO _d33724000210621 _eLIBRO _fc.5 _h23352 _i27424 _si _t135.00 |
||
| 949 |
_a634.774 C65 _bBC _cLIBRO _d33724000210639 _eLIBRO _fc.3 _h23350 _i27424 _si _t135.00 |
||
| 949 |
_a634.774 C65 _bBC _cLIBRO _d33724000210647 _eLIBRO _fc.6 _h23353 _i27424 _si _t135.00 |
||
| 949 |
_a634.774 C65 _bBC _cLIBRO _d33724000211652 _eLIBRO _fc.4 _h23351 _i27424 _si _t135.00 |
||
| 949 |
_a634.774 C65 _bBC _cLIBRO _d33724000662359 _eLIBRO _h23348 _i27424 _si _t135.00 |
||
| 949 |
_a634.774 C65 _bBC _cLIBRO _d33724000662979 _eLIBRO _fc.8 _h51517 _i27424 _mD.Ing.Acosta _si |
||
| 999 |
_c22356 _d22356 |
||